| 000 | 00370cam a22001217a 4500 | ||
|---|---|---|---|
| 008 | 180718bn.d. xxu||||| |||| 00| 0 eng d | ||
| 082 | _aA81x5411 In2/51/7 | ||
| 100 | _aCensus of India 1951 | ||
| 245 | _aAssam district census handbook, Lakhimpur | ||
| 260 |
_aGauhati _bSuperintendent, Census Operations _cn.d. |
||
| 300 | _a391+p. | ||
| 440 | _aCensus of India 1951. Assam | ||
| 999 |
_c483649 _d483649 |
||